000 00329nam a22001337a 4500
020 _a0-340-89321-4
082 _a823
_bBLY/S
100 _aENID BLYTON
245 _aFUN FOR THE SECRET SEVEN
260 _aGREAT BRITAIN
_bHODDER CHILDRENS BOOK
_c1963
300 _a138
650 _aCHILDREN'S STORY BOOK
_zUNITED KINGDOM
942 _cBK
999 _c172
_d172